000 00519nam a22001697a 4500
003 MACL
005 20160409133026.0
008 160409b xxu||||| |||| 00| 0 eng d
040 _cMACL
041 _aHindi
082 _a403
100 _aआचार्य गोविन्‍द
_951339
245 _aसंस्‍कृत व्‍याकरण
260 _aदिल्‍ली
_bमर्यादा पुस्‍तक सदन
650 _aव्‍याकरण
_950137
942 _2ddc
_cHIN
999 _c53743
_d53743